000 00751nam a2200265Ia 4500
003 OSt
005 20221007111005.0
006 a|||||r|||| 00| 0
007 ta
008 221006b |||||||| |||| 00| 0 eng d
024 _a22,323
037 _cTextual
040 _aLCO
_cLCO
_beng
041 _2eng
_aeng
082 _aX7291:(Z)y8, L9
100 _aGarg Dinesh Chandra
245 0 _aDigest of Central Sales Tax Cases 1959 - 1978
250 _a1st
260 _aAllahabad
_bModern Law House India
_c1979
300 _a328
650 _aSALES TAX
_9258895
700 _a Pandey Chandra Prakash
_9708183
942 _hX7291:(Z)y8, L9
_cTEXL
999 _c1191886
_d1191886